| 000 | 00571nam a2200193Ia 4500 | ||
|---|---|---|---|
| 003 | GCL | ||
| 008 | 140319s9999 xx 000 0 eng d | ||
| 040 |
_aGCL / _cGCL |
||
| 082 | 0 | 4 |
_a501 _bD G |
| 100 | 1 | _aLA DECOUVERTE | |
| 245 | 1 | 0 |
_aCUERRE ET PAIX ENTRE LES SCIENCES DISCIPLINARTE INTER ET TRANS DISCIOLINARITE / _cLA DECOUVERTE |
| 260 |
_a[S.N] : _bLA DECOUVERTE ، _c1997 |
||
| 300 | _a380 P | ||
| 650 | 0 | 4 | _aابوالعلاء المعرى |
| 650 | 0 | 4 | _aالمجموعات النادرة |
| 650 | 0 | 4 | _aكوبا |
| 650 | 0 | 4 | _aSCIENCE - THEORY |
| 942 |
_2ddc _cBK |
||
| 999 |
_c16408 _d16408 |
||